| 000 | 00000cas 2200000zi 4500 |
| 001 | 9.962968 |
| 003 | CaOODSP |
| 005 | 20260525140641 |
| 006 | m o d f |
| 007 | cr cn |||||||| |
| 008 | 260521d19831984oncmx p o f0### 0eng|d |
| 022 | |y0822-4242 |
| 040 | |aCaOODSP|beng|erda|cCaOODSP |
| 043 | |an-cn--- |
| 086 | 1 |aMe21-3E-PDF |
| 245 | 00|aMetric. |
| 264 | 1|aOttawa, Ontario : |bMetric Commission Canada |
| 310 | |aTen times a year |
| 336 | |atext|btxt|2rdacontent |
| 337 | |acomputer|bc|2rdamedia |
| 338 | |aonline resource|bcr|2rdacarrier |
| 362 | 1 |aBegan with June 1983? Ceased with October 1984? |
| 500 | |aIssued also in French under title: Métrique. |
| 500 | |aDigitized publication from print [produced by Innovation, Science and Economic Development Canada]. |
| 588 | |aDescription based on: January 1984; title from PDF caption. |
| 588 | |aLatest issue consulted: October 1984. |
| 650 | 0|aMetric system|zCanada|vPeriodicals. |
| 655 | 7|aPeriodicals|2lcgft |
| 710 | 2 |aMetric Commission Canada, |eissuing body. |
| 775 | 08|tMétrique.|w(CaOODSP)9.962967 |
| 780 | 00|tMetric monitor.|w(CaOODSP)9.962954 |